000 00467nam a2200157 i 4500
001 131620
003 ES-MaACL
005 20230906194021.0
007 t|
008 070214s1912 sp r ||||1| spa d
100 1 _aRodríguez del Busto, A.
_998483
245 1 0 _aApuntes para la historia de la legislación /
_cA. Rodríguez del Busto.
260 _aMadrid :
_bLibrería Victoriano Suárez,
_c1912.
300 _a136 p. ;
_c25 cm.
852 _aES-MaACL
_jT-1324-F-5
999 _c131620
_d131620